Miraj Nama (Record no. 534152)

000 -LEADER
fixed length control field 00282nam a22001337a 4500
020 ## - INTERNATIONAL STANDARD BOOK NUMBER
International Standard Book Number 9655661482
040 ## - CATALOGING SOURCE
Transcribing agency MSOHAIL
082 ## - DEWEY DECIMAL CLASSIFICATION NUMBER
Classification number 954.91
100 ## - MAIN ENTRY--PERSONAL NAME
Personal name Miraj Khalid
9 (RLIN) 28298
245 ## - TITLE STATEMENT
Title Miraj Nama
260 ## - PUBLICATION, DISTRIBUTION, ETC.
Place of publication, distribution, etc. Lahore
Name of publisher, distributor, etc. Jhangir Box
Date of publication, distribution, etc. N.D
300 ## - PHYSICAL DESCRIPTION
Extent 408;P
942 ## - ADDED ENTRY ELEMENTS (KOHA)
Source of classification or shelving scheme
Koha item type Book
Holdings
Withdrawn status Lost status Source of classification or shelving scheme Damaged status Not for loan Permanent Location Current Location Date acquired Total Checkouts Full call number Barcode Date last seen Price effective from Koha item type
          School of Civil and Environmental Engineering (SCEE) School of Civil and Environmental Engineering (SCEE) 02/04/2020   954.91 NIT-9656 02/04/2020 02/04/2020 Book
© 2023 Central Library, National University of Sciences and Technology. All Rights Reserved.